Házak - panelből

Elmentve itt :
Bibliográfiai részletek
Dokumentumtípus: Cikk
Megjelent: 1981-09-17
Sorozat:Délmagyarország 71 No. 218
Kulcsszavak:DÉLÉP
Online Access:http://dmarchiv.bibl.u-szeged.hu/105822
LEADER 00382nab a2200145 i 4500
001 delm105822
005 20190617123452.0
008 190617s1981 hu o 0|| hun d
040 |a SZTE Délmagyarország Archívum  |b hun 
041 |a hun 
245 0 0 |a Házak - panelből  |h [elektronikus dokumentum] 
260 |c 1981-09-17 
300 |a 1 
490 0 |a Délmagyarország  |v 71 No. 218 
695 |a DÉLÉP